Score 0/24 Timer 12:00
0 Plays Today
Clue Actor/Actress % Correct
W.H.M. (on 'S')William H. Macy on 'Shameless'
71.7%
K.S. (on 'H.O.C.')Kevin Spacey on 'House of Cards'
51.7%
G.C. (on 'D')Glenn Close on 'Damages'
46.7%
J.L. (on 'A.H.S.')Jessica Lange on 'American Horror Story'
43.3%
D.C. (on 'H.O.L.')Don Cheadle on 'House of Lies'
43.3%
J.I. (on 'T.B.')Jeremy Irons on 'The Borgias'
43.3%
J.V. (on 'R.D.')Jon Voight on 'Ray Donovan'
41.7%
H.H. (on 'S.G.' or 'T.O.T.L.')Holly Hunter on 'Saving Grace' or 'Top of the Lake'
41.7%
L.F. (on 'H' or 'C: C.S.I.')Laurence Fishburne on 'Hannibal' or 'CSI: Crime Scene Investigation'
40%
T.C. (on 'U.S.O.T.')Toni Collette on 'United States of Tara'
40%
S.F. (on 'B.A.S.')Sally Field on 'Brothers & Sisters'
33.3%
A.B. (on 'T.R.')Alec Baldwin on '30 Rock'
30%
Clue Actor/Actress % Correct
J.C. (on 'L.V.')James Caan on 'Las Vegas'
28.3%
T.P.H. (on 'P.O.I.')Taraji P. Henson on 'Person of Interest'
25%
S.C. (on 'T.W.W.')Stockard Channing on 'The West Wing'
25%
J.L. (on 'T.R.F.T.S.')John Lithgow on '3rd Rock from the Sun'
23.3%
K.M. (on 'T.S.O.S.F.')Karl Malden on 'The Streets of San Francisco'
21.7%
A.P. (on 'T.B.')Anna Paquin on 'True Blood'
20%
M.J-B. (on 'W.A.T.')Marianne Jean-Baptiste on 'Without a Trace'
20%
L.D. (on 'E')Laura Dern on 'Enlightened'
18.3%
P.F. (on 'C')Peter Falk on 'Columbo'
15%
M.M. (on 'B.G.')Mary McDonnell on 'Battlestar Galactica'
13.3%
D.B. (on 'T.B.')Demian Bichir on 'The Bridge'
10%
C.S. (on 'B.L.')Chloƫ Sevigny on 'Big Love'
8.3%

You're not logged in!

Compare scores with friends on all Sporcle quizzes.
OR
Log In

Sporcle TV

Today on Sporcle TV


Watch our educational content, quiz creation guides, and fun videos on Sporcle TV.

Show Comments

Extras

Top Quizzes Today


Score Distribution

Paid Content

Your Account Isn't Verified!

In order to create a playlist on Sporcle, you need to verify the email address you used during registration. Go to your Sporcle Settings to finish the process.

Report this User

Report this user for behavior that violates our Community Guidelines.

Details: